000 00454nam a2200181Ia 4500
003 GCL
008 140319s9999 xx 000 0 eng d
040 _aGCL /
_cGCL
082 0 4 _a822
_bP A
100 1 _aPAGE, NORMAN
245 1 0 _aA.E. HOUSMAN: A CRITICAL BIOGRAPHY /
_cPAGE, NORMAN
260 _a[S.N] :
_bMac Millan Press ،
_c1983
300 _a236 P
650 0 4 _aLITERATURE
650 0 4 _aNOVELS
650 0 4 _aHOUSMAN, A. E.
942 _2ddc
_cBK
999 _c24434
_d24434